|
|
|
|
| LEADER |
01838nam a2200457 a 4500 |
| 001 |
000706699 |
| 003 |
CZ BrMZK |
| 005 |
20101116091904.0 |
| 007 |
ta |
| 008 |
040220s2004 xr acf e 000 0dcze d |
| 015 |
|
|
|a cnb001305306
|
| 020 |
|
|
|a 80-239-2652-7
|q (váz.)
|
| 035 |
|
|
|a (OCoLC)56856518
|
| 040 |
|
|
|a BOA001
|b cze
|
| 043 |
|
|
|a e-xr---
|
| 045 |
|
|
|a w7x0
|
| 072 |
|
7 |
|a 329
|x Politické strany a hnutí
|2 Konspekt
|9 15
|
| 072 |
|
7 |
|a 929
|x Biografie
|2 Konspekt
|9 8
|
| 080 |
|
|
|a 329.14
|2 MRF
|
| 080 |
|
|
|a 329.14-051
|2 MRF
|
| 080 |
|
|
|a (437.3)
|2 MRF
|
| 080 |
|
|
|a (031)929
|2 MRF
|
| 100 |
1 |
|
|a Tomeš, Josef,
|d 1954-
|7 jo20000080784
|4 aut
|
| 245 |
1 |
0 |
|a Průkopníci a pokračovatelé :
|b osobnosti v dějinách české sociální demokracie 1878-2003 : biografický slovník /
|c Josef Tomeš
|
| 250 |
|
|
|a 1. vyd.
|
| 260 |
|
|
|a Praha :
|b Demos :
|b Česká strana sociálně demokratická,
|c 2004
|
| 300 |
|
|
|a 197 s., [16] s. obr. příl. :
|b il., portréty ;
|c 22 cm
|
| 500 |
|
|
|a Doplňkový věcný slovník
|
| 500 |
|
|
|a 2000 výt.
|
| 504 |
|
|
|a Obsahuje bibliografii
|
| 500 |
|
|
|a Dostupné též v digitální podobě v aplikaci Kramerius
|
| 648 |
|
4 |
|a 1878-2005
|
| 650 |
0 |
7 |
|a sociální demokraté
|7 ph125779
|z Česko
|2 czenas
|
| 650 |
0 |
7 |
|a sociální demokracie
|7 ph125778
|z Česko
|y 1878-2005
|2 czenas
|
| 650 |
0 |
7 |
|a sociální demokracie
|7 ph125778
|x dějiny
|2 czenas
|
| 655 |
|
7 |
|a biografické slovníky
|7 fd131906
|2 czenas
|
| 856 |
4 |
1 |
|u https://www.digitalniknihovna.cz/mzk/uuid/uuid:eb207fa0-06bd-11e6-a611-005056827e51
|y Digitalizovaný dokument
|x NDK
|
| 910 |
|
|
|a BOA001
|b 2-1129.966
|
| 990 |
|
|
|a BK
|
| 996 |
6 |
|
|b 2610212593
|c 2-1129.966
|l MZK
|r Sklad / do 1 hodiny
|n 7
|p p.v.
|w 000706699
|u 000010
|a 1
|e BOA001
|j MZK50
|s P
|
| 996 |
7 |
|
|b 2610228215
|c 2-1129.966
|l MZK
|r Sklad / do 1 hodiny
|n 21
|p p.v.
|w 000706699
|u 000020
|a 1
|e BOA001
|j MZK50
|s A
|